Principles of geochemistry / (Record no. 127310)

MARC details
000 -LEADER
fixed length control field 00623nam a22002417a 4500
005 - DATE AND TIME OF LATEST TRANSACTION
control field 20170124110023.0
010 ## - LIBRARY OF CONGRESS CONTROL NUMBER
LC control number 504082
020 ## - INTERNATIONAL STANDARD BOOK NUMBER
Terms of availability 00.00
035 ## - SYSTEM CONTROL NUMBER
System control number 504082
037 ## - SOURCE OF ACQUISITION
Source of stock number/acquisition Cen Lib/Ret
040 ## - CATALOGING SOURCE
Original cataloging agency DPL
Language of cataloging EN
082 ## - DEWEY DECIMAL CLASSIFICATION NUMBER
Classification number 551
Item number MAS
100 ## - MAIN ENTRY--PERSONAL NAME
Personal name Mason, Brian
9 (RLIN) 20109
245 ## - TITLE STATEMENT
Title Principles of geochemistry /
Statement of responsibility, etc by Brian Mason
250 ## - EDITION STATEMENT
Edition statement 3rd ed
260 ## - PUBLICATION, DISTRIBUTION, ETC. (IMPRINT)
Place of publication, distribution, etc New York
Name of publisher, distributor, etc John Wiley
Date of publication, distribution, etc 1966
270 ## - ADDRESS
City New York
300 ## - PHYSICAL DESCRIPTION
Extent vii,329p.
Dimensions 21cm(Hb)
500 ## - GENERAL NOTE
General note Includes index<br/><br/>
650 ## - SUBJECT ADDED ENTRY--TOPICAL TERM
Topical term or geographic name as entry element Geochemistry
9 (RLIN) 20110
650 ## - SUBJECT ADDED ENTRY--TOPICAL TERM
Topical term or geographic name as entry element Organic geochemistry
9 (RLIN) 20111
942 ## - ADDED ENTRY ELEMENTS (KOHA)
Source of classification or shelving scheme Dewey Decimal Classification
Koha item type English Books
Classification part 551
Call number suffix MAS
Holdings
Withdrawn status Lost status Damaged status Not for loan Home library Current library Date acquired Source of acquisition Cost, normal purchase price Total Checkouts Full call number Barcode Date last seen Copy number Cost, replacement price Price effective from Koha item type
        Central Library Central Library 29/06/2015 Cen Lib/Ret 0.00   551 MAS 504082 29/06/2015 1 0.00 29/06/2015 English Books

© Delhi Public Library
Hit Counter
free hit counter